One World (Lp Pl 85811) (Record n. 101143)

Dettagli MARC
000 -LEADER
fixed length control field 01808njm a2200373Ia 4500
001 - CONTROL NUMBER
control field 62762
003 - CONTROL NUMBER IDENTIFIER
control field IT-RoPAU
005 - DATE AND TIME OF LATEST TRANSACTION
control field 20220918181139.0
008 - FIXED-LENGTH DATA ELEMENTS--GENERAL INFORMATION
fixed length control field 131025s9999 xx 000 0 und d
040 ## - CATALOGING SOURCE
Original cataloging agency IT-RoPAU
040 ## - CATALOGING SOURCE
Transcribing agency IT-RoPAU
041 ## - LANGUAGE CODE
Language code of text/sound track or separate title INGLESE
999 ## - SYSTEM CONTROL NUMBERS (KOHA)
Koha Dewey Subclass [OBSOLETE] n.d.
100 ## - MAIN ENTRY--PERSONAL NAME
Personal name AA.VV.
9 (RLIN) 794
100 ## - MAIN ENTRY--PERSONAL NAME
Relator term Autore musica
9 (RLIN) 23322
100 ## - MAIN ENTRY--PERSONAL NAME
Miscellaneous information Codice autore musica SPICS: 12000
9 (RLIN) 796
245 ## - TITLE STATEMENT
Title One World (Lp Pl 85811)
250 ## - EDITION STATEMENT
Edition statement 1a ed.
260 ## - PUBLICATION, DISTRIBUTION, ETC. (IMPRINT)
Place of publication, distribution, etc. NEW YORK
260 ## - PUBLICATION, DISTRIBUTION, ETC. (IMPRINT)
Name of publisher, distributor, etc. RCA RECORDS
Date of publication, distribution, etc. 1986 [1a Ed.:1986 - Ed. Lingua Orig.: 1986]
300 ## - PHYSICAL DESCRIPTION
Extent DISCO
300 ## - PHYSICAL DESCRIPTION
Dimensions 42 minuti (Testo: pag.)
500 ## - GENERAL NOTE
General note Musica pop
505 ## - FORMATTED CONTENTS NOTE
Formatted contents note Love Is the Master (3:00) - Love Again (3:00) - I Remember You (3:00) - Hey There, Mr. Lonely Heart (4:00) - Let Us Begin [(What Are We Making Weapons For?) (6:00)] - Flying For me (6:00) - Along For the Ride [('56T-Bird) (5:00)] - I Can't Escape (4:00) - True Love Takes Time (5:00) - One World (5:00) - It's A Possibility (4:00)
650 ## - SUBJECT ADDED ENTRY--TOPICAL TERM
Topical term or geographic name as entry element POP [DISCHI]
Relator term Codice MATERIA SPICS: 9950
9 (RLIN) 1001
700 ## - ADDED ENTRY--PERSONAL NAME
Personal name Denver John
Miscellaneous information Codice interprete SPICS: 16459
Relator term Interprete
9 (RLIN) 23323
700 ## - ADDED ENTRY--PERSONAL NAME
Personal name Denver John
Miscellaneous information Codice autore testo/musica SPICS: 16459
Relator term Autore testo/musica
9 (RLIN) 23324
700 ## - ADDED ENTRY--PERSONAL NAME
Personal name Schertzinger Victor
Miscellaneous information Codice autore musica SPICS: 20490
Relator term Autore musica
Name of part/section of a work I Remember You
9 (RLIN) 23325
700 ## - ADDED ENTRY--PERSONAL NAME
Personal name Mercer Johnny
Miscellaneous information Codice autore testo/musica SPICS: 18100
Relator term Autore testo/musica
Name of part/section of a work I Remember You
9 (RLIN) 23326
700 ## - ADDED ENTRY--PERSONAL NAME
Personal name Braun Bill
Miscellaneous information Codice autore musica SPICS: 22335
Relator term Autore musica
Name of part/section of a work Along For the Ride
9 (RLIN) 23327
700 ## - ADDED ENTRY--PERSONAL NAME
Personal name O'Keefe Danny
Miscellaneous information Codice autore testo/musica SPICS: 22334
Relator term Autore testo/musica
Name of part/section of a work Along For the Ride
9 (RLIN) 23328
700 ## - ADDED ENTRY--PERSONAL NAME
Personal name Darnell Dik
Miscellaneous information Codice autore musica SPICS: 22336
Relator term Autore musica
Name of part/section of a work True Love Takes Time
9 (RLIN) 23329
942 ## - ADDED ENTRY ELEMENTS (KOHA)
Koha item type DISCHI
Source of classification or shelving scheme Dewey Decimal Classification
Dati di copia
Withdrawn status Lost status Damaged status Not for loan Home library Current library Date acquired Total Checkouts Full call number Date last seen Price effective from Koha item type Public note
    Buone Condizioni Not For Loan SPICS-MEDIATECA SPICS-MEDIATECA 25/10/2013   62762 25/10/2013 25/10/2013 DISCHI Progr. Ins.: 15861 / N.Vol.: 1 / Copie: 1 - Copia rara: n.d. / date import: 01.01.2014 - By Epidotti, Trombetti, Vaglietti
CREDITS: SOCIETA' SAN PAOLO Via A.Severo, 58 - ROMA (RM) & PERIODICI SAN PAOLO SRL Via Giotto, 36 MILANO & CISF Via Giotto, 36 MILANO & EDIZIONI SAN PAOLO SRL,  Piazza Soncino, 5 CINISELLO BALSAMO (MI) -- ITALY